书目信息 |
| 题名: |
半导体磁电转换元件
|
|
| 作者: | 高永祥 编 | |
| 分册: | ||
| 出版信息: | 北京 机械工业出版社 1985.3 |
|
| 页数: | 409页 | |
| 开本: | 20cm | |
| 丛书名: | 仪表元件丛书 | |
| 单 册: | ||
| 中图分类: | TH703 | |
| 科图分类: | ||
| 主题词: | 仪器 , 仪表 , 仪表装置 | |
| 电子资源: | ||
| ISBN: | ||
| 000 | 00673nam0 2200253 45 | |
| 001 | 0312221749 | |
| 005 | 20040520170915.2 | |
| 010 | @dCNY2.10 | |
| 091 | @a15033.5196 | |
| 100 | @a20031222d1985 km y0chiy0120 ea | |
| 101 | @achi | |
| 105 | @a z 000yy | |
| 200 | 1 | @a半导体磁电转换元件@ABan Dao Ti Ci Dian Zhuan Huan Yuan Jian@f高永祥编@FGao Yong Xiang Bian |
| 210 | @a北京@c机械工业出版社@d1985.3 | |
| 215 | @a409页@d20cm | |
| 225 | @a仪表元件丛书 | |
| 410 | @12001 @a仪表元件丛书 | |
| 606 | 0 | @a仪器 |
| 606 | 0 | @a仪表 |
| 606 | 0 | @a仪表装置 |
| 690 | @aTH703@v3 | |
| 701 | 0 | @a高永祥@4编 |
| 801 | @aCN@bTSTCL@c20031222 | |
| 905 | @dTH703@e19@f2@b170987-988 | |
| 半导体磁电转换元件/高永祥编.-北京:机械工业出版社,1985.3 |
| 409页;20cm.-(仪表元件丛书) |
| ISBN :CNY2.10 |
| ● |
| 相关链接 |
|
|
|
|
正题名:半导体磁电转换元件
索取号:TH703/19
 
预约/预借
| 序号 | 登录号 | 条形码 | 馆藏地/架位号 | 状态 | 备注 |
| 1 | 0170987 | 001366051 | 密集书库/ [索取号:TH703/19] | 在馆 | |
| 2 | 0170988 | 001365622 | 第三借阅区/ [索取号:TH703/19] | 在馆 | |
| 3 | 0170989 | 001365668 | 第二样本阅览室/ [索取号:TH703/19] | 在馆 |